Novelizácia niektorých predpisov v oblasti zamestnanosti
Novelizácia niektorých predpisov v oblasti zamestnanosti. Zákon Národnej rady Slovenskej republiky č. 189/1994 Z.z., ktorým sa dopĺňajú niektoré predpisy v oblasti zamestnanosti. Zákon Slovenskej národnej rady z 13. februára 1991 č. 83/1991 Zb. o pôsobnosti orgánov Slovenskej republiky pri zabezpečo...
Gespeichert in:
| Format: | Buchkapitel |
|---|---|
| Sprache: | Slowakisch |
| Schlagworte: | |
| Tags: |
Keine Tags, Fügen Sie das erste Tag hinzu!
|
MARC
| LEADER | 00000naa a2200000 4500 | ||
|---|---|---|---|
| 001 | r023723 | ||
| 005 | 20221213113853.0 | ||
| 041 | 0 | |a slo | |
| 044 | |a SK | ||
| 245 | 1 | 0 | |a Novelizácia niektorých predpisov v oblasti zamestnanosti |
| 520 | |a Novelizácia niektorých predpisov v oblasti zamestnanosti. Zákon Národnej rady Slovenskej republiky č. 189/1994 Z.z., ktorým sa dopĺňajú niektoré predpisy v oblasti zamestnanosti. Zákon Slovenskej národnej rady z 13. februára 1991 č. 83/1991 Zb. o pôsobnosti orgánov Slovenskej republiky pri zabezpečovaní politiky zamestnanosti v znení neskorších predpisov. | ||
| 610 | 2 | 0 | |a zákony |
| 610 | 2 | 0 | |a zamestnanosť |
| 610 | 2 | 0 | |a politika zamestnanosti |
| 610 | 2 | 0 | |a NR SR Bratislava |
| 610 | 2 | 0 | |a 1994 |
| 610 | 2 | 0 | |a SNR Bratislava |
| 610 | 2 | 0 | |a 1991 |